|
|
|
|
| LEADER |
00000cam a22000004a 4500 |
| 001 |
musev2_35246 |
| 003 |
MdBmJHUP |
| 005 |
20230905043717.0 |
| 006 |
m o d |
| 007 |
cr||||||||nn|n |
| 008 |
141219s2014 ctu o 00 0 eng d |
| 020 |
|
|
|a 9780819573063
|
| 020 |
|
|
|z 9780819573056
|
| 035 |
|
|
|a (OCoLC)892244372
|
| 040 |
|
|
|a MdBmJHUP
|c MdBmJHUP
|
| 100 |
1 |
|
|a Farrow, Anne,
|e author.
|
| 245 |
1 |
4 |
|a The Logbooks :
|b Connecticut's Slave Ships and Human Memory /
|c Anne Farrow.
|
| 264 |
|
1 |
|a Middletown, Connecticut :
|b Wesleyan University Press,
|c [2014]
|
| 264 |
|
3 |
|a Baltimore, Md. :
|b Project MUSE,
|c 2014
|
| 264 |
|
4 |
|c ©[2014]
|
| 300 |
|
|
|a 1 online resource (208 pages).
|
| 336 |
|
|
|a text
|b txt
|2 rdacontent
|
| 337 |
|
|
|a computer
|b c
|2 rdamedia
|
| 338 |
|
|
|a online resource
|b cr
|2 rdacarrier
|
| 490 |
0 |
|
|a A driftless Connecticut series book
|
| 505 |
0 |
|
|a Recovering the story -- The haunted land -- Trouble in mind -- A history that doesn't "fit" -- Separations.
|
| 520 |
|
|
|a Three long-neglected logbooks from Connecticut's slave trade raise questions about memory and collective forgetting.
|
| 546 |
|
|
|a English.
|
| 588 |
|
|
|a Description based on print version record.
|
| 600 |
1 |
7 |
|a Saltonstall, Dudley,
|d 1738-1796.
|2 fast
|0 (OCoLC)fst00467607
|
| 600 |
1 |
0 |
|a Saltonstall, Dudley,
|d 1738-1796.
|
| 650 |
|
7 |
|a Slavery.
|2 fast
|0 (OCoLC)fst01120426
|
| 650 |
|
7 |
|a Slave trade.
|2 fast
|0 (OCoLC)fst01120405
|
| 650 |
|
7 |
|a Collective memory.
|2 fast
|0 (OCoLC)fst01739814
|
| 650 |
|
7 |
|a SOCIAL SCIENCE
|x Popular Culture.
|2 bisacsh
|
| 650 |
|
7 |
|a SOCIAL SCIENCE
|x Anthropology
|x Cultural.
|2 bisacsh
|
| 650 |
|
7 |
|a POLITICAL SCIENCE
|x Public Policy
|x Cultural Policy.
|2 bisacsh
|
| 650 |
|
6 |
|a Memoire collective
|z Nouvelle-Angleterre.
|
| 650 |
|
6 |
|a Esclaves
|x Commerce
|z Connecticut
|x Histoire.
|
| 650 |
|
0 |
|a Collective memory
|z New England.
|
| 650 |
|
0 |
|a Slavery
|z Connecticut.
|
| 650 |
|
0 |
|a Slave trade
|z Connecticut
|x History.
|
| 651 |
|
7 |
|a Sierra Leone
|z Bunce Island.
|2 fast
|0 (OCoLC)fst01911235
|
| 651 |
|
7 |
|a New England.
|2 fast
|0 (OCoLC)fst01241913
|
| 651 |
|
7 |
|a Connecticut.
|2 fast
|0 (OCoLC)fst01205688
|
| 651 |
|
0 |
|a Bunce Island (Sierra Leone)
|x History.
|
| 655 |
|
7 |
|a History.
|2 fast
|0 (OCoLC)fst01411628
|
| 655 |
|
7 |
|a Electronic books.
|2 local
|
| 710 |
2 |
|
|a Project Muse.
|e distributor
|
| 830 |
|
0 |
|a Book collections on Project MUSE.
|
| 856 |
4 |
0 |
|z Texto completo
|u https://projectmuse.uam.elogim.com/book/35246/
|
| 945 |
|
|
|a Project MUSE - Custom Collection
|
| 945 |
|
|
|a Project MUSE - 2014 US Regional Studies, New England and Mid Atlantic
|
| 945 |
|
|
|a Project MUSE - 2014 Complete
|